TheMico University College Library

“Do it with thy might”

Opening Hours

Mondays – Thursdays 8:00am – 10:00pm
Fridays 8:00am – 7:00pm
Saturdays 10:00am – 6:00pm
Sundays 10:00am – 5:00pm

None Dare Call It Educaation (Record no. 549)

MARC details
000 -LEADER
fixed length control field 00603nam a22002177a 4500
003 - CONTROL NUMBER IDENTIFIER
control field OSt1
005 - DATE AND TIME OF LATEST TRANSACTION
control field 20130503213445.0
008 - FIXED-LENGTH DATA ELEMENTS--GENERAL INFORMATION
fixed length control field 110630t xxu||||| |||| 00| 0 eng d
020 ## - INTERNATIONAL STANDARD BOOK NUMBER
International Standard Book Number 0-914053-14-0
040 ## - CATALOGING SOURCE
Transcribing agency The Mico University College
082 ## - DEWEY DECIMAL CLASSIFICATION NUMBER
Classification number 373.1 STO
100 ## - MAIN ENTRY--PERSONAL NAME
9 (RLIN) 1282
245 ## - TITLE STATEMENT
Title None Dare Call It Educaation
Statement of responsibility, etc John A.Stormer
260 ## - PUBLICATION, DISTRIBUTION, ETC. (IMPRINT)
Place of publication, distribution, etc Florissant,Missouri
Name of publisher, distributor, etc Liberty Bell Press
Date of publication, distribution, etc 1999
300 ## - PHYSICAL DESCRIPTION
Extent xvii,266 Pages
504 ## - BIBLIOGRAPHY, ETC. NOTE
Bibliography, etc Includes,bibliographical references,index.
562 ## - COPY AND VERSION IDENTIFICATION NOTE
Number of copies 2
563 ## - BINDING INFORMATION
Binding note Pbk
650 ## - SUBJECT ADDED ENTRY--TOPICAL TERM
Topical term or geographic name as entry element SCHOOLS,EDUCATION
9 (RLIN) 1283
942 ## - ADDED ENTRY ELEMENTS (KOHA)
Source of classification or shelving scheme Dewey Decimal Classification
Koha item type Book
Holdings
Withdrawn status Lost status Source of classification or shelving scheme Damaged status Use restrictions Not for loan Collection code Home library Current library Shelving location Date acquired Total Checkouts Full call number Barcode Date last seen Copy number Price effective from Koha item type
    Dewey Decimal Classification   Restricted Access Not For Loan Reference The Mico University College The Mico University College Reserve Book Collection 29/08/2003   373.1 STO 55214 30/06/2011 2 30/06/2011 Book